000 01037cam a22003131i 4500
001 12275344
003 EG-ScBUE
005 20250427114706.0
008 010110t2010 gw a f b 001 0 eng d
020 _a3540415025 (alk. paper)
020 _a9783642074769
040 _aEG-ScBUE
_beng
_erda
_cEG-ScBUE
_dEG-ScBUE
082 0 4 _a530.416
_222
_bNEA
245 0 0 _aNear-field optics and surface plasmon polaritons /
_cSatoshi Kawata (ed.)
264 1 _aBerlin :
_bSpringer,
_c[2010]
264 4 _cc2010
300 _ax, 210 pages :
_billustrations ;
_c24 cm.
336 _2rdacontent
_atext
_btxt
337 _aunmediated
_2rdamedia
_bn
338 _avolume
_bnc
_2rdacarrier
490 0 _aTopics in applied physics ;
_vvolume 81
504 _aIncludes bibliographical references and index.
650 7 _aPolaritons.
_933143
_2BUEsh
650 7 _aPlasmons (Physics)
_931408
_2BUEsh
650 7 _aNear-field microscopy.
_933144
_2BUEsh
655 _vReading book
700 1 _aKawata, Satoshi,
_d1966-
_eeditor.
_933145
942 _2ddc
_cBB
999 _c17446
_d17418